000 00961nam a2200265Ia 4500
003 OSt
005 20220923212730.0
006 a|||||r|||| 00| 0
007 ta
008 220922b |||||||| |||| 00| 0 hin d
024 _a155,653
037 _cTextual
040 _aARTS
_cARTS
_bhin
041 _2hin
_ahin
082 _aO15,3D60,1, 152L4.1
100 _aशास्त्री, श्रीनिवास; महेशचन्द्र
_9162059
245 0 _aबाणभट्टः कादम्बरी
246 _aBāṇabhaṭṭah kādambarī
250 _aसंस्क0 3
260 _aमेरठ
_b साहित्य भण्डार
_c1974
300 _a872पृ.
_ccm.
650 _aहिन्दी साहित्य
_9156264
942 _hO15,3D60,1, 152L4.1
_cTEXL
_2CC
999 _c311121
_d311121